| 000 | 00868nam a2200265Ia 4500 | ||
|---|---|---|---|
| 003 | OSt | ||
| 005 | 20220925203425.0 | ||
| 006 | a|||||r|||| 00| 0 | ||
| 007 | ta | ||
| 008 | 220923b |||||||| |||| 00| 0 eng d | ||
| 020 |
_a9780822357186 _c1494.7 |
||
| 037 |
_b5269, 08/08/2014, RAJKIRAN BOOK AGENCY _cGeneral Book |
||
| 040 |
_aRTL _cRTL _beng |
||
| 041 |
_2eng _aeng |
||
| 082 | _aY7:(R), Q4 | ||
| 100 | _aDAS Veena | ||
| 245 | 0 |
_aGround between _b Anthropologists engage philosophy |
|
| 260 |
_aDurham _bDuke University Press _c2014 |
||
| 300 |
_aviii, 351p _ccm. |
||
| 500 | _aBibliography chapterwise | ||
| 700 |
_a JACKSON Michael _9238162 |
||
| 700 |
_a KLEINMAN Arthur _991725 |
||
| 942 |
_hY7:(R), Q4 _cGB _2CC |
||
| 999 |
_c546369 _d546369 |
||